| 000 | 00476nam a2200133 a 4500 | ||
|---|---|---|---|
| 001 | 000040405 | ||
| 005 | 20201002034119.0 | ||
| 008 | 110718s1992 dr 000 0 spa d | ||
| 040 |
_aDO-SdBNP _bspa _cBNPHU |
||
| 100 | 1 |
_aMajluta, Jacobo. _931128 |
|
| 245 | 1 | 3 |
_aLa historia del PRI y sus perspectivas de triunfo : _bprincipio del fin de los partidos tradicionales / _cJacobo Majluta. |
| 260 |
_aSanto domingo : _bEditora Tele-3, _c1992. |
||
| 300 |
_a114 p. : _bil., retrs. ; _c22 cm. |
||
| 999 |
_c39895 _d39895 |
||